Alternativas europeas a la crisis centroamericana: Propuestas europeas frente a la crisis centroamericana

Zapisane w:
Opis bibliograficzny
Format: Texto
Wydane: Santander: ICI
Etykiety: Dodaj etykietę
Nie ma etykietki, Dołącz pierwszą etykiete!

MARC

LEADER 00000 a a2200000 04500
001 24359
003
040
090 |a 172715  
245 |a Alternativas europeas a la crisis centroamericana: Propuestas europeas frente a la crisis centroamericana  
260 |a Santander:   |b ICI  
300 |a 152 p.  
999 |c 2038  |d 2038